História vzťahov USA a Mexika diplomová práca

Gespeichert in:
Bibliographische Detailangaben
1. Verfasser: Chrvalová, Karin
Körperschaft: Fakulta medzinárodných vzťahov EU. Katedra medzinárodných politických vzťahov
Weitere Verfasser: Kucharčík, Rudolf, 1977-
Format: Buch
Sprache:Slowakisch
Veröffentlicht: Bratislava 2020
Tags: Tag hinzufügen
Keine Tags, Fügen Sie das erste Tag hinzu!

MARC

LEADER 00000nbm a2200000 4500
001 0265713
005 20200910110743.1
041 0 |a slo 
044 |a SK 
245 1 0 |a História vzťahov USA a Mexika  |b diplomová práca  |c Karin Chrvalová ; školiteľ: Rudolf Kucharčík 
264 1 |a Bratislava  |c 2020 
300 |a 93 s. 
100 1 |a Chrvalová, Karin 
700 1 |a Kucharčík, Rudolf, 1977- 
710 2 |a Fakulta medzinárodných vzťahov EU. Katedra medzinárodných politických vzťahov